Dev Patel Filmography - Statistics

General Stats
  • This quiz has been taken 30 times
    12 since last reset
  • The average score is 14 of 31
Answer Stats
Type Year Name % Correct
Film 2021 The Green Knight
100%
Film 2015 Chappie
83%
Film 2016 Lion
67%
Film 2024 Monkey Man
67%
TV Show 2007-2008 Skins
67%
Film 2008 Slumdog Millionaire
67%
Film 2012 About Cherry
50%
TV Documentary 2020 India from Above
50%
Web Series 2019 Modern Love
50%
Film 2025 Rabbit Trap
50%
Film 2011 The Best Exotic Marigold Hotel
50%
Film 2010 The Last Airbender
50%
Video Game 2010 The Last Airbender
50%
TV Show 2012-2014 The Newsroom
50%
Film 2019 The Personal History of David Copperfield
50%
Film 2014 The Road Within
50%
Film 2015 The Second Best Exotic Marigold Hotel
50%
Film 2018 The Wedding Guest
50%
Film 2018 Hotel Mumbai
33%
Film 2019 I Lost My Body
33%
TV Mini-Series 2009 Mister Eleven
33%
Film 2016 Only Yesterday
33%
Short Film 2023 Poison
33%
Short Film 2010 The Commuter
33%
Film TBA The Journeyman
33%
Film 2016 The Man Who Knew Infinity
33%
Film TBA The Peasant
33%
Short Film 2023 The Wonderful Story of Henry Sugar
33%
Short Film 2007 Skins: Secret Party
17%
Film 2018 Mari Life Tari
0%
Commercial 2018 Zegna Suits
0%
No matching quizzes found
Score Distribution
Percent of People with Each Score
Percentile by Number Answered
Your Score History
You have not taken this quiz since the last reset